[Event "XXVI Weekend Magistrale"]
[Site "Robecchetto con Induno ITA"]
[Date "2015.07.25"]
[Round "3"]
[White "Bianchi, Alberto"]
[Black "Pace, Roberto"]
[WhiteElo "1876"]
[BlackElo "1956"]
[Result "1-0"]
[PlyCount "99"]
[EventDate "2015.07.24"]

1. Nf3 Nf6 2. g3 b6 3. Bg2 Bb7 4. O-O e6 5. c4 Be7 6. b3 O-O 7. Bb2 d6 8. d4
Nbd7 9. Nc3 Re8 10. Qc2 Bf8 11. Rad1 Qe7 12. e4 e5 13. Rfe1 exd4 14. Nd5 Nxd5
15. exd5 Qd8 16. Bxd4 Rxe1+ 17. Rxe1 Be7 18. Qe4 Bf6 19. Bh3 Bxd4 20. Nxd4 Ne5
21. f4 Ng6 22. Bf5 a6 23. h4 Qf6 24. h5 Nf8 25. Nf3 h6 26. Bh3 Qc3 27. Kf2 Qb4
28. Nd4 Qc5 29. Qe3 Bc8 30. Bxc8 Rxc8 31. Nc6 Qxe3+ 32. Rxe3 Kh7 33. Re7 Kg8
34. Na7 Ra8 35. Rxc7 g6 36. hxg6 fxg6 37. Nc8 Nh7 38. Nxb6 Rf8 39. Rc8 Nf6 40.
Rxf8+ Kxf8 41. Nc8 Ne8 42. Ke3 Kf7 43. b4 Kf6 44. a4 g5 45. fxg5+ hxg5 46. b5
axb5 47. axb5 Ke5 48. b6 Nf6 49. b7 Nd7 50. Ne7 1-0

[Event "XXVI Weekend Magistrale"]
[Site "Robecchetto con Induno ITA"]
[Date "2015.07.25"]
[Round "3"]
[White "Boschetti, Claudio"]
[Black "Genzling, Sylvie"]
[WhiteElo "2140"]
[BlackElo "2019"]
[Result "0-1"]
[PlyCount "110"]
[EventDate "2015.07.24"]

1. e4 e6 2. Nf3 d5 3. Nc3 d4 4. Ne2 c5 5. c3 Nc6 6. cxd4 cxd4 7. Qa4 Bd7 8.
Nexd4 Bc5 9. Nxc6 Bxc6 10. Qc2 Qb6 11. d4 Bxd4 12. Bd3 Ne7 13. O-O O-O 14. Nxd4
Qxd4 15. Be3 Qa4 16. b3 Qa5 17. Bc5 Rfe8 18. b4 Qc7 19. f4 Rac8 20. Rac1 b6 21.
Be3 Qd7 22. Qe2 Red8 23. Rcd1 Ba4 24. Rd2 Qe8 25. Re1 Nc6 26. Ba6 Rxd2 27. Qxd2
Rd8 28. Qc3 Qe7 29. a3 Qd7 30. Bf1 h6 31. Rc1 Nd4 32. Kf2 Nb5 33. Qb2 Qb7 34.
Re1 Qxe4 35. g3 Qf5 36. Kg1 h5 37. Bf2 h4 38. Re5 Qf6 39. Bxb5 Bxb5 40. Bd4 Qg6
41. Rxb5 Qd3 42. Re5 Rxd4 43. Kf2 Rc4 44. Re2 Rc3 45. gxh4 Qf3+ 46. Ke1 Rd3 47.
Rd2 Qe3+ 48. Kd1 Qg1+ 49. Kc2 Rxd2+ 50. Kxd2 Qxh2+ 51. Kc3 Qxf4 52. Qg2 Qc7+
53. Kb3 f6 54. h5 Qf7 55. Ka4 Qd7+ 0-1

[Event "XXVI Weekend Magistrale"]
[Site "Robecchetto con Induno ITA"]
[Date "2015.07.25"]
[Round "3"]
[White "Brugo, Marco"]
[Black "Imburgia, Giuseppe"]
[WhiteElo "2094"]
[BlackElo "1937"]
[Result "1/2-1/2"]
[PlyCount "52"]
[EventDate "2015.07.24"]

1. d4 d5 2. c4 e6 3. Nc3 Nf6 4. cxd5 exd5 5. Bg5 Be7 6. e3 O-O 7. Bd3 c6 8. Qc2
h6 9. Bh4 Nbd7 10. Nge2 Re8 11. O-O Ne4 12. Bxe7 Qxe7 13. Rae1 Ndf6 14. f3 Nxc3
15. Nxc3 Bd7 16. a3 c5 17. dxc5 Qxc5 18. b4 Qb6 19. Qf2 Rac8 20. Nd1 Bb5 21.
Bxb5 Qxb5 22. e4 dxe4 23. fxe4 b6 24. Qf5 Qxf5 25. exf5 Rxe1 26. Rxe1 Rc1
1/2-1/2

[Event "XXVI Weekend Magistrale"]
[Site "Robecchetto con Induno ITA"]
[Date "2015.07.25"]
[Round "3"]
[White "Cavallini, Gianfranco"]
[Black "Lanzani, Mario"]
[WhiteElo "2102"]
[BlackElo "2302"]
[Result "0-1"]
[PlyCount "52"]
[EventDate "2015.07.24"]

1. b3 Nf6 2. Bb2 g6 3. e4 d6 4. f4 Bg7 5. Be2 O-O 6. Bf3 c5 7. d3 Nc6 8. g4 Nd4
9. Bxd4 cxd4 10. Nd2 Nd7 11. h4 f5 12. exf5 gxf5 13. g5 e5 14. Qe2 e4 15. Bh5
d5 16. O-O-O a5 17. Bg6 hxg6 18. h5 Qe8 19. h6 Bh8 20. dxe4 dxe4 21. h7+ Kf7
22. Nc4 Qe6 23. a4 b6 24. Re1 Ba6 25. Nf3 Bxc4 26. bxc4 Qd6 0-1

[Event "XXVI Weekend Magistrale"]
[Site "Robecchetto con Induno ITA"]
[Date "2015.07.25"]
[Round "3"]
[White "Cereda, Loris"]
[Black "Guidi, Maurizio"]
[WhiteElo "2225"]
[BlackElo "2015"]
[Result "1-0"]
[PlyCount "55"]
[EventDate "2015.07.24"]

1. e4 g6 2. d4 Bg7 3. Nf3 d6 4. Nc3 Nf6 5. Be3 O-O 6. Qd2 c6 7. Bh6 b5 8. Bxg7
Kxg7 9. Bd3 b4 10. Ne2 a5 11. a3 c5 12. e5 dxe5 13. dxe5 Nd5 14. h4 h5 15. Be4
e6 16. axb4 cxb4 17. g4 hxg4 18. Ng5 Ra7 19. h5 Rh8 20. Nf4 Nc6 21. O-O-O Rc7
22. hxg6 Nd4 23. Qxd4 Qxg5 24. Bxd5 Rd7 25. Qe3 Qf5 26. Rxh8 Kxh8 27. Rh1+ Kg8
28. Rh5 1-0

[Event "XXVI Weekend Magistrale"]
[Site "Robecchetto con Induno ITA"]
[Date "2015.07.25"]
[Round "3"]
[White "Cesarano, Marco"]
[Black "Grattarola, Fabio"]
[WhiteElo "1950"]
[BlackElo "1976"]
[Result "1-0"]
[PlyCount "109"]
[EventDate "2015.07.24"]

1. d4 Nf6 2. Nf3 c5 3. e3 g6 4. c4 Bg7 5. Nc3 O-O 6. Bd3 d6 7. O-O Nfd7 8. Re1
Nc6 9. Bf1 e5 10. dxe5 dxe5 11. e4 Nd4 12. Nxd4 cxd4 13. Nd5 Nc5 14. b4 Ne6 15.
Rb1 Bd7 16. Ba3 Re8 17. Bc1 Bc6 18. Qb3 b6 19. Bd2 Nc7 20. Rbc1 Rc8 21. Qa3 Ra8
22. Qb3 Kh8 23. f4 exf4 24. Bxf4 Ne6 25. Bg3 Rc8 26. Rcd1 Qd7 27. Qa3 b5 28. c5
Bxd5 29. exd5 Qxd5 30. Bxb5 Rf8 31. Bd6 Rfd8 32. Ba6 Ra8 33. Be2 Qg5 34. Bf3
Rac8 35. Bb7 Rxd6 36. Bxc8 Rc6 37. Bb7 Rc7 38. Qxa7 Re7 39. Qb8+ Nf8 40. c6 d3
41. Qd6 Rxe1+ 42. Rxe1 d2 43. Re2 Qf4 44. Rxd2 Qe3+ 45. Kf1 Kg8 46. c7 Be5 47.
Qxe5 Qxe5 48. c8=Q Qf4+ 49. Rf2 Qd4 50. Qc1 Qxb4 51. Bd5 Qb5+ 52. Bc4 Qh5 53.
Bxf7+ Kg7 54. Qc3+ Kh6 55. Qh3 1-0

[Event "XXVI Weekend Magistrale"]
[Site "Robecchetto con Induno ITA"]
[Date "2015.07.25"]
[Round "3"]
[White "D'Avino, Luca"]
[Black "D'Avino, Gianfranco"]
[WhiteElo "1922"]
[BlackElo "2102"]
[Result "0-1"]
[PlyCount "46"]
[EventDate "2015.07.24"]

1. Nf3 Nf6 2. d4 g6 3. Nc3 d5 4. Bf4 Bg7 5. e3 O-O 6. Nb5 Na6 7. c3 Nh5 8. Bg5
h6 9. Bh4 Bf5 10. Na3 g5 11. Nxg5 hxg5 12. Qxh5 f6 13. Bxa6 bxa6 14. Bg3 c5 15.
Rc1 Qd7 16. O-O Bg4 17. Qg6 Bf5 18. Qh5 cxd4 19. cxd4 Bg4 20. Qg6 Bf5 21. Qh5
Bg4 22. Rc7 Qf5 23. e4 dxe4 0-1

[Event "XXVI Weekend Magistrale"]
[Site "Robecchetto con Induno ITA"]
[Date "2015.07.25"]
[Round "3"]
[White "Gilevych, Artem"]
[Black "Montilli, Vincenzo"]
[WhiteElo "2407"]
[BlackElo "2161"]
[Result "1/2-1/2"]
[PlyCount "94"]
[EventDate "2015.07.24"]

1. d4 Nf6 2. Nf3 c5 3. d5 e6 4. Nc3 Nxd5 5. Nxd5 exd5 6. Qxd5 Nc6 7. Bd2 Be7 8.
Bc3 O-O 9. e3 d6 10. Bd3 Bf6 11. O-O Bxc3 12. bxc3 Qf6 13. Rab1 Ne7 14. Qg5
Qxg5 15. Nxg5 h6 16. Ne4 c4 17. Be2 d5 18. Nd6 b6 19. Bf3 Be6 20. Rfd1 Rfd8 21.
Nb5 Rd7 22. Rd2 Rc8 23. g3 Rc5 24. a4 g5 25. Nd4 Ra5 26. Rb4 Rc7 27. Nb5 Rc5
28. e4 dxe4 29. Bxe4 Re5 30. f3 f5 31. Bb7 Kg7 32. Kf2 Rc5 33. Rd4 Kf6 34. f4
gxf4 35. gxf4 a6 36. Nd6 b5 37. axb5 axb5 38. Rb2 Bd7 39. Bf3 Ra3 40. Nxc4 Rxc4
41. Rxd7 Raxc3 42. Kg3 b4 43. Ra2 Ra3 44. Rd6+ Kg7 45. Rxa3 bxa3 46. Rd7 Kf6
47. Rd6+ Kg7 1/2-1/2

[Event "XXVI Weekend Magistrale"]
[Site "Robecchetto con Induno ITA"]
[Date "2015.07.25"]
[Round "3"]
[White "Medici, Simone"]
[Black "Tarelli, Daniele"]
[WhiteElo "2101"]
[BlackElo "1975"]
[Result "1-0"]
[PlyCount "109"]
[EventDate "2015.07.24"]

1. d4 d5 2. c4 e5 3. dxe5 d4 4. Nf3 Nc6 5. a3 Bg4 6. Bf4 Qd7 7. Nbd2 Nge7 8. h3
Bh5 9. g4 Bg6 10. Nb3 h5 11. Rg1 hxg4 12. hxg4 Rd8 13. Nc5 Qc8 14. Qa4 Ng8 15.
Nb3 Bc2 16. Rc1 Bxb3 17. Qxb3 Nh6 18. Bh3 Ng8 19. Rg3 Be7 20. Rd1 Kf8 21. e3
dxe3 22. Rxd8+ Nxd8 23. Bxe3 f6 24. Qd3 Nf7 25. Qe4 b6 26. Bf4 c5 27. e6 Nd6
28. Qd5 Qd8 29. b4 g5 30. Be3 cxb4 31. axb4 Qc7 32. c5 Nb7 33. Qd7 Bd8 34. c6
Nd6 35. Nd4 Ne7 36. f4 Qxd7 37. exd7 Kf7 38. fxg5 fxg5 39. Rf3+ Kg6 40. Bf1 Rh1
41. b5 Nd5 42. Kf2 Nc7 43. Rf8 Nf7 44. Bc4 Ne5 45. Rxd8 Nxg4+ 46. Kg3 Nxe3 47.
Rg8+ Kh7 48. Rh8+ Kxh8 49. d8=Q+ Kg7 50. Qxc7+ Kh6 51. Qd6+ Kg7 52. Qe7+ Kg6
53. Bd3+ Nf5+ 54. Bxf5+ Kh6 55. Qh7# 1-0

[Event "XXVI Weekend Magistrale"]
[Site "Robecchetto con Induno ITA"]
[Date "2015.07.25"]
[Round "3"]
[White "Monticone, Sonia"]
[Black "Barlocco, Carlo"]
[WhiteElo "1895"]
[BlackElo "2062"]
[Result "0-1"]
[PlyCount "84"]
[EventDate "2015.07.24"]

1. c4 Nc6 2. Nc3 Nf6 3. e3 d5 4. cxd5 Nxd5 5. a3 Nxc3 6. dxc3 Qxd1+ 7. Kxd1 Bf5
8. f3 O-O-O+ 9. Ke1 Bc2 10. Be2 e5 11. Bd2 Be7 12. Rc1 Bg6 13. Rd1 f5 14. Nh3
Na5 15. c4 Nb3 16. Bc3 Bf6 17. Kf2 Bf7 18. Rhe1 c6 19. Kg1 Rhe8 20. Nf2 h5 21.
Bd3 Be6 22. Be2 Re7 23. Rxd8+ Kxd8 24. Rd1+ Rd7 25. Rxd7+ Kxd7 26. g4 hxg4 27.
fxg4 g6 28. Kg2 Ke7 29. Kg3 e4 30. Bxf6+ Kxf6 31. h4 Na5 32. c5 Nb3 33. Kf4
Nxc5 34. g5+ Ke7 35. Ke5 Nd7+ 36. Kf4 Nb6 37. h5 gxh5 38. Bxh5 Kd6 39. Bg6 Nd5+
40. Kg3 Nxe3 41. Nh3 Ke5 42. Nf4 Nf1+ 0-1

[Event "XXVI Weekend Magistrale"]
[Site "Robecchetto con Induno ITA"]
[Date "2015.07.25"]
[Round "3"]
[White "Nepi, Ezio"]
[Black "Cacciola, Alfredo"]
[WhiteElo "1921"]
[BlackElo "2098"]
[Result "0-1"]
[PlyCount "96"]
[EventDate "2015.07.24"]

1. d4 Nf6 2. c4 g6 3. Nc3 Bg7 4. e4 d6 5. Be2 O-O 6. Nf3 e5 7. O-O Nc6 8. d5
Ne7 9. b4 Nh5 10. Re1 f5 11. Ng5 Nf6 12. Bf3 c6 13. Bb2 h6 14. Ne6 Bxe6 15.
dxe6 fxe4 16. Nxe4 Nxe4 17. Rxe4 d5 18. cxd5 cxd5 19. Rxe5 Bxe5 20. Bxe5 Qb6
21. Bb2 Rad8 22. Qd2 Qxe6 23. Re1 Qf7 24. Qd4 Kh7 25. Qxa7 Nf5 26. Qc5 Rfe8 27.
Rxe8 Rxe8 28. g3 Rd8 29. Bg4 Kg8 30. Bxf5 Qxf5 31. Bd4 Rc8 32. Qe7 Qb1+ 33. Kg2
Qe4+ 34. Qxe4 dxe4 35. Bc5 Ra8 36. h4 h5 37. g4 Ra3 38. gxh5 gxh5 39. Be3 Ra8
40. Bc5 Kf7 41. Kg3 Rg8+ 42. Kh3 b5 43. Be3 Ke6 44. Bg5 Kf5 45. Be3 Ra8 46. Kg3
Rxa2 47. Bd4 Ra3+ 48. Be3 Rb3 0-1

[Event "XXVI Weekend Magistrale"]
[Site "Robecchetto con Induno ITA"]
[Date "2015.07.25"]
[Round "3"]
[White "Roth, Antoine"]
[Black "Egli, Urs"]
[WhiteElo "1923"]
[BlackElo "2013"]
[Result "0-1"]
[PlyCount "38"]
[EventDate "2015.07.24"]

1. e4 e5 2. Nf3 Nc6 3. Bb5 f5 4. Nc3 fxe4 5. Nxe4 d5 6. Nxe5 dxe4 7. Qh5+ g6 8.
Nxg6 hxg6 9. Qxh8 Qf6 10. Qxg8 Be6 11. Qh7 O-O-O 12. Bxc6 bxc6 13. d4 Rd7 14.
Qxd7+ Kxd7 15. Be3 Bb4+ 16. c3 Bd6 17. b3 Qf5 18. Kd2 Qb5 19. c4 Bxc4 0-1

[Event "XXVI Weekend Magistrale"]
[Site "Robecchetto con Induno ITA"]
[Date "2015.07.25"]
[Round "3"]
[White "Soncin, Denis"]
[Black "Pinna, Ferdinando"]
[WhiteElo "2030"]
[BlackElo "1878"]
[Result "1-0"]
[PlyCount "85"]
[EventDate "2015.07.24"]

1. e4 c5 2. Nf3 e6 3. d3 d6 4. g3 g6 5. Bg2 Bg7 6. O-O Nc6 7. Na3 Rb8 8. c3 b6
9. Nc2 Nge7 10. Nh4 O-O 11. f4 d5 12. Qe2 Ba6 13. e5 Qc7 14. Bd2 Rfd8 15. g4
Rd7 16. Rae1 Rbd8 17. b3 c4 18. bxc4 d4 19. Nb4 Bb7 20. f5 dxc3 21. Bxc3 Nc8
22. f6 Bf8 23. Nxc6 Bxc6 24. Rd1 Ba4 25. Rd2 Bh6 26. Be4 b5 27. g5 Bxg5 28. Nf3
Bh6 29. Rb2 Bf8 30. Qe1 Qc5+ 31. Kh1 bxc4 32. Qh4 Qe3 33. Ng5 h6 34. Nxe6 Rxd3
35. Nxd8 Rxc3 36. e6 Rc1 37. exf7+ Kh7 38. Rb1 Rc2 39. Ne6 Bd6 40. f8=N+ Kh8
41. Nxg6+ Kg8 42. f7+ Kh7 43. Ngf8+ 1-0

[Event "XXVI Weekend Magistrale"]
[Site "Robecchetto con Induno ITA"]
[Date "2015.07.25"]
[Round "3"]
[White "Zito, Riccardo"]
[Black "Quirico, Paolo"]
[WhiteElo "1936"]
[BlackElo "2110"]
[Result "1-0"]
[PlyCount "79"]
[EventDate "2015.07.24"]

1. e4 e6 2. d4 d5 3. e5 c5 4. c3 Nc6 5. Nf3 Qb6 6. a3 Nh6 7. b4 cxd4 8. cxd4
Nf5 9. Bb2 Bd7 10. Be2 Be7 11. Qd3 Na5 12. Nbd2 Rc8 13. O-O Nc4 14. Bc3 O-O 15.
g4 Nh4 16. Nxh4 Bxh4 17. Nf3 Be7 18. Bd2 Nxd2 19. Nxd2 a6 20. Qe3 Bb5 21. Bxb5
Qxb5 22. f4 f5 23. exf6 Rxf6 24. g5 Rf7 25. Qxe6 Rc6 26. Qe3 Bd6 27. f5 Re7 28.
Qf3 Rc2 29. Rf2 Qc6 30. Raf1 Rc3 31. Qg4 Rxa3 32. g6 Ree3 33. gxh7+ Kh8 34. Kh1
Qd7 35. Qg5 Qf7 36. f6 g6 37. Rf3 Bxb4 38. Rxe3 Bxd2 39. Re7 Bxg5 40. Rxf7 1-0

[Event "XXVI Weekend Magistrale"]
[Site "Robecchetto con Induno ITA"]
[Date "2015.07.26"]
[Round "4"]
[White "Brugo, Marco"]
[Black "Balzan, Marco"]
[WhiteElo "2094"]
[BlackElo "1969"]
[Result "1-0"]
[PlyCount "45"]
[EventDate "2015.07.24"]

1. d4 Nf6 2. c4 c5 3. d5 e6 4. Nc3 exd5 5. cxd5 d6 6. e4 g6 7. f4 Bg7 8. Bb5+
Nfd7 9. a4 O-O 10. Nf3 Re8 11. O-O Bxc3 12. bxc3 Rxe4 13. Ng5 Re7 14. f5 Ne5
15. f6 Rc7 16. Qd2 Qf8 17. Be2 Bf5 18. Qf4 Nbd7 19. Nxh7 Kxh7 20. Qh4+ Kg8 21.
Bh6 Qxh6 22. Qxh6 Nxf6 23. Rxf5 1-0

[Event "XXVI Weekend Magistrale"]
[Site "Robecchetto con Induno ITA"]
[Date "2015.07.26"]
[Round "4"]
[White "D'Avino, Gianfranco"]
[Black "Barlocco, Carlo"]
[WhiteElo "2102"]
[BlackElo "2062"]
[Result "1-0"]
[PlyCount "47"]
[EventDate "2015.07.24"]

1. d4 Nc6 2. Nf3 d5 3. Bf4 Nf6 4. e3 Bf5 5. c4 e6 6. Nc3 Be7 7. Be2 Nh5 8. cxd5
exd5 9. Bg3 Nxg3 10. hxg3 O-O 11. O-O a6 12. Qb3 Be6 13. Rac1 Qd7 14. Bd3 Rfc8
15. Na4 Bf5 16. Nc5 Bxc5 17. Bxf5 Qxf5 18. Rxc5 Ne7 19. Qxb7 Rab8 20. Qxa6 Rxb2
21. Qa3 Rb1 22. Rxb1 Qxb1+ 23. Rc1 Qe4 24. Ng5 1-0

[Event "XXVI Weekend Magistrale"]
[Site "Robecchetto con Induno ITA"]
[Date "2015.07.26"]
[Round "4"]
[White "Egli, Urs"]
[Black "Cavallini, Gianfranco"]
[WhiteElo "2013"]
[BlackElo "2102"]
[Result "0-1"]
[PlyCount "68"]
[EventDate "2015.07.24"]

1. e4 g6 2. d4 d6 3. Nc3 c6 4. Be3 Qb6 5. Bc4 Qxb2 6. Nge2 Qb4 7. Bb3 Nf6 8.
O-O Qa5 9. f4 d5 10. e5 Ng8 11. Bd2 Qd8 12. f5 Bxf5 13. Rxf5 gxf5 14. e6 fxe6
15. Nf4 Nf6 16. Nxe6 Qd7 17. Qe2 Na6 18. Bg5 Kf7 19. Bxf6 exf6 20. Nxd5 cxd5
21. Qf3 Nb4 22. Nf4 Bd6 23. Nxd5 Nxd5 24. Bxd5+ Kf8 25. Bxb7 Bc5 26. c3 Bxd4+
27. Kh1 Bxc3 28. Rd1 Re8 29. Rg1 Bd4 30. Bc6 Qd6 31. Rd1 Re7 32. h3 Qe5 33. Qd3
Bb6 34. Qd2 Kg7 0-1

[Event "XXVI Weekend Magistrale"]
[Site "Robecchetto con Induno ITA"]
[Date "2015.07.26"]
[Round "4"]
[White "Genzling, Sylvie"]
[Black "Cereda, Loris"]
[WhiteElo "2019"]
[BlackElo "2225"]
[Result "0-1"]
[PlyCount "34"]
[EventDate "2015.07.24"]

1. e4 e5 2. d4 exd4 3. Qxd4 Nc6 4. Qe3 g6 5. Nc3 Bg7 6. Bd2 Nf6 7. O-O-O O-O 8.
f3 Re8 9. Qf2 d5 10. exd5 Nxd5 11. Nge2 Ndb4 12. h4 Qd3 13. cxd3 Nxd3+ 14. Kb1
Nxf2 15. Rg1 Bf5+ 16. Ka1 Nxd1 17. Nxd1 Rad8 0-1

[Event "XXVI Weekend Magistrale"]
[Site "Robecchetto con Induno ITA"]
[Date "2015.07.26"]
[Round "4"]
[White "Guidi, Maurizio"]
[Black "Medici, Simone"]
[WhiteElo "2015"]
[BlackElo "2101"]
[Result "1-0"]
[PlyCount "65"]
[EventDate "2015.07.24"]

1. Nf3 d5 2. g3 c5 3. Bg2 Nc6 4. O-O e5 5. d3 f5 6. b3 Nf6 7. Bb2 Bd6 8. e3 O-O
9. Na3 a6 10. c4 d4 11. exd4 exd4 12. Nc2 a5 13. a3 Qc7 14. b4 axb4 15. axb4
Rxa1 16. Qxa1 b6 17. bxc5 bxc5 18. Na3 Na7 19. Qa2 Bb7 20. Bxd4 cxd4 21. c5+
Bd5 22. cxd6 Qc3 23. Nc4 Nb5 24. Nfe5 Be6 25. Qa6 Qb4 26. d7 Nc7 27. Qc6 Qb8
28. Nb6 Kh8 29. Rc1 Ncd5 30. Qxe6 Nxb6 31. Rb1 Ng4 32. Nxg4 fxg4 33. Qxb6 1-0

[Event "XXVI Weekend Magistrale"]
[Site "Robecchetto con Induno ITA"]
[Date "2015.07.26"]
[Round "4"]
[White "Imburgia, Giuseppe"]
[Black "Balzan, Alessandro"]
[WhiteElo "1937"]
[BlackElo "1955"]
[Result "1-0"]
[PlyCount "91"]
[EventDate "2015.07.24"]

1. d4 d5 2. c4 e6 3. Nc3 Nf6 4. Nf3 Be7 5. Bg5 O-O 6. e3 Nbd7 7. Bd3 b6 8. O-O
Bb7 9. Qe2 c5 10. Rfd1 Rc8 11. Rac1 cxd4 12. exd4 dxc4 13. Bxc4 Bxf3 14. gxf3
Nh5 15. Be3 Bd6 16. Ne4 Bb8 17. Bg5 Qe8 18. Ng3 Nf4 19. Bxf4 Bxf4 20. Rc3 Nf6
21. Kh1 Qd8 22. Bd3 g6 23. Be4 Qd6 24. Rcd3 Nd5 25. Bxd5 exd5 26. Re1 Rc7 27.
Rdd1 Rfc8 28. Qd3 Qd7 29. Ne2 Bd6 30. Nc3 Qh3 31. f4 Qh5 32. Qg3 Qf5 33. Qf3
Bb4 34. Re5 Qc2 35. Nxd5 Bd6 36. Nxc7 Bxe5 37. fxe5 Rxc7 38. d5 Qxb2 39. e6
fxe6 40. dxe6 Qb4 41. Qf6 Rc8 42. Qf7+ Kh8 43. e7 Qe4+ 44. f3 Qa8 45. Qf6+ Kg8
46. Rd8+ 1-0

[Event "XXVI Weekend Magistrale"]
[Site "Robecchetto con Induno ITA"]
[Date "2015.07.26"]
[Round "4"]
[White "Lanzani, Mario"]
[Black "Gilevych, Artem"]
[WhiteElo "2302"]
[BlackElo "2407"]
[Result "1/2-1/2"]
[PlyCount "34"]
[EventDate "2015.07.24"]

1. d4 d5 2. c4 dxc4 3. e3 Nf6 4. Bxc4 e6 5. Nf3 c5 6. O-O a6 7. dxc5 Qxd1 8.
Rxd1 Bxc5 9. a3 b5 10. Be2 Bb7 11. b4 Bb6 12. Bb2 Nbd7 13. Nbd2 Ke7 14. Rac1
Rhc8 15. Kf1 g6 16. Bd4 Bxd4 17. Nxd4 e5 1/2-1/2

[Event "XXVI Weekend Magistrale"]
[Site "Robecchetto con Induno ITA"]
[Date "2015.07.26"]
[Round "4"]
[White "Montilli, Vincenzo"]
[Black "Zito, Riccardo"]
[WhiteElo "2161"]
[BlackElo "1936"]
[Result "1/2-1/2"]
[PlyCount "31"]
[EventDate "2015.07.24"]

1. Nf3 Nf6 2. c4 d6 3. d4 g6 4. g3 Bg7 5. Bg2 c5 6. O-O O-O 7. Nc3 Nbd7 8. b3
Rb8 9. Bb2 a6 10. dxc5 Nxc5 11. Nd4 Ne6 12. Rc1 Bd7 13. Nxe6 Bxe6 14. Qd2 Qa5
15. Rfd1 Rfc8 16. Ne4 1/2-1/2

[Event "XXVI Weekend Magistrale"]
[Site "Robecchetto con Induno ITA"]
[Date "2015.07.26"]
[Round "4"]
[White "Nepi, Ezio"]
[Black "Cesarano, Marco"]
[WhiteElo "1921"]
[BlackElo "1950"]
[Result "1-0"]
[PlyCount "171"]
[EventDate "2015.07.24"]

1. d4 d5 2. c4 c6 3. Nf3 Nf6 4. Qc2 e6 5. g3 Nbd7 6. Bg2 Bd6 7. O-O O-O 8. Nbd2
Re8 9. Rd1 Qe7 10. Re1 e5 11. cxd5 Nxd5 12. Nc4 Bb4 13. Bd2 e4 14. Nfe5 f6 15.
Nxd7 Bxd7 16. e3 b5 17. a3 Bxd2 18. Nxd2 f5 19. Rec1 Rec8 20. Nb3 a5 21. Nc5
Be8 22. Qe2 Bf7 23. Rc2 Nf6 24. Rac1 h6 25. Bh3 Bh5 26. Qe1 Bg6 27. Nb3 Qc7 28.
Bf1 Qb6 29. Nc5 Bf7 30. Bh3 g6 31. Qd1 h5 32. Bg2 Bd5 33. h3 Re8 34. Qd2 Qa7
35. Qc3 Qe7 36. Rd2 Ra7 37. Qc2 h4 38. Rf1 hxg3 39. fxg3 Qd6 40. g4 fxg4 41.
Rf4 gxh3 42. Bxh3 g5 43. Rg2 Rg7 44. Rf5 g4 45. Qf2 Rf8 46. Qh4 gxh3 47. Rxg7+
Kxg7 48. Nb7 h2+ 49. Kh1 Qe7 50. Rg5+ Kf7 51. Qh6 Ke8 52. Re5 Be6 53. Nc5 Kd8
54. Nxe6+ Kc8 55. Qxf8+ Qxf8 56. Nxf8 Ng4 57. Re6 Kb7 58. Nd7 b4 59. Nc5+ Kb6
60. axb4 axb4 61. Nxe4 Nxe3 62. Nd6 Nc2 63. Re4 c5 64. dxc5+ Kc6 65. Kxh2 b3
66. Kg3 Kxc5 67. Nf5 Nb4 68. Rxb4 Kxb4 69. Ne3 Kc5 70. Kf3 Kd4 71. Ke2 Kc5 72.
Kd3 Kb4 73. Nd1 Ka4 74. Kc4 Ka5 75. Kxb3 Kb5 76. Nc3+ Kc5 77. Ka4 Kb6 78. Kb4
Kc7 79. Kb5 Kb7 80. b4 Kc7 81. Ka6 Kb8 82. Kb6 Ka8 83. Ka6 Kb8 84. b5 Ka8 85.
b6 Kb8 86. b7 1-0

[Event "XXVI Weekend Magistrale"]
[Site "Robecchetto con Induno ITA"]
[Date "2015.07.26"]
[Round "4"]
[White "Pace, Roberto"]
[Black "Pinna, Ferdinando"]
[WhiteElo "1956"]
[BlackElo "1878"]
[Result "1/2-1/2"]
[PlyCount "130"]
[EventDate "2015.07.24"]

1. e4 c5 2. Nf3 e6 3. d4 cxd4 4. Nxd4 Nf6 5. Bd3 d6 6. Qe2 Nc6 7. Nxc6 bxc6 8.
Nd2 Be7 9. O-O O-O 10. f4 d5 11. Kh1 c5 12. b3 Bb7 13. Bb2 dxe4 14. Nxe4 Bxe4
15. Bxe4 Nxe4 16. Qxe4 Bf6 17. Rad1 Qe7 18. Ba3 Qc7 19. Qc4 Rac8 20. Bc1 Rfd8
21. Rxd8+ Qxd8 22. Qe2 c4 23. Be3 Qc7 24. g3 a5 25. Rd1 cxb3 26. cxb3 Qb7+ 27.
Qg2 Qb5 28. Qd2 h6 29. Qd7 Qxd7 30. Rxd7 Bc3 31. Bb6 Rb8 32. Rd8+ Rxd8 33. Bxd8
Kf8 34. Kg2 Ke8 35. Bb6 Kd7 36. Kf3 Kc6 37. Bd8 Kd6 38. Ke3 Bb4 39. Kd3 f6 40.
Bb6 h5 41. Ba7 g6 42. Bd4 e5 43. fxe5+ fxe5 44. Bb6 Kc6 45. Be3 Kd5 46. Ba7 Ba3
47. Ke3 g5 48. h3 g4 49. hxg4 hxg4 50. Kd3 Bd6 51. Bb6 e4+ 52. Ke3 Bxg3 53.
Bxa5 Bd6 54. Bb6 g3 55. Ke2 Ba3 56. Kf1 Bd6 57. Be3 Kc6 58. Kg2 Kb5 59. Bd2 Kc5
60. Be1 Kd4 61. a4 Kd3 62. a5 Bc5 63. a6 Ba7 64. Bxg3 Kd2 65. b4 e3 1/2-1/2

[Event "XXVI Weekend Magistrale"]
[Site "Robecchetto con Induno ITA"]
[Date "2015.07.26"]
[Round "4"]
[White "Paleologu, Vladimir"]
[Black "Monticone, Sonia"]
[WhiteElo "2080"]
[BlackElo "1895"]
[Result "1-0"]
[PlyCount "77"]
[EventDate "2015.07.24"]

1. e4 c5 2. Nc3 e6 3. g3 d5 4. exd5 exd5 5. d4 cxd4 6. Nb5 a6 7. Nxd4 Nc6 8.
Be3 Nf6 9. Bg2 Be7 10. Nge2 h6 11. O-O O-O 12. c3 Qd7 13. Nb3 Qf5 14. Nf4 Be6
15. Nc5 d4 16. Ncxe6 dxe3 17. Nxf8 exf2+ 18. Kh1 g5 19. N8g6 fxg6 20. Qb3+ Kh8
21. Qxb7 Rb8 22. Qxc6 gxf4 23. b4 fxg3 24. Qc7 Re8 25. Qxg3 Ne4 26. Bxe4 Qxe4+
27. Qg2 Bh4 28. Rad1 Qxg2+ 29. Kxg2 Re6 30. Rxf2 Bxf2 31. Kxf2 Kg7 32. c4 Kf6
33. Kf3 g5 34. c5 h5 35. h3 Kf5 36. Rd5+ Kf6 37. a3 Rc6 38. h4 g4+ 39. Kf4 1-0

[Event "XXVI Weekend Magistrale"]
[Site "Robecchetto con Induno ITA"]
[Date "2015.07.26"]
[Round "4"]
[White "Quirico, Paolo"]
[Black "Roth, Antoine"]
[WhiteElo "2110"]
[BlackElo "1923"]
[Result "1-0"]
[PlyCount "59"]
[EventDate "2015.07.24"]

1. d4 d5 2. c4 e6 3. Nf3 c5 4. cxd5 exd5 5. g3 Nc6 6. Bg2 Nf6 7. O-O Be7 8. Nc3
O-O 9. Bg5 cxd4 10. Nxd4 h6 11. Bf4 a6 12. Rc1 Bg4 13. h3 Be6 14. Qa4 Qd7 15.
Nxe6 fxe6 16. Rfd1 b5 17. Qc2 Rac8 18. Qb1 Qa7 19. Qg6 Bc5 20. e3 Ne7 21. Qd3
g5 22. Be5 Nd7 23. Bd4 Bxd4 24. exd4 b4 25. Ne2 Rxc1 26. Rxc1 e5 27. Bxd5+ Nxd5
28. Qg6+ Kh8 29. Qxh6+ Kg8 30. Qe6+ 1-0

[Event "XXVI Weekend Magistrale"]
[Site "Robecchetto con Induno ITA"]
[Date "2015.07.26"]
[Round "4"]
[White "Soncin, Denis"]
[Black "Bianchi, Alberto"]
[WhiteElo "2030"]
[BlackElo "1876"]
[Result "1-0"]
[PlyCount "69"]
[EventDate "2015.07.24"]

1. e4 d5 2. exd5 Nf6 3. Nc3 Nxd5 4. Bc4 Nxc3 5. bxc3 e6 6. Nf3 Be7 7. O-O O-O
8. Re1 Nd7 9. d4 c5 10. Qe2 Bf6 11. Bf4 Nb6 12. Bd3 cxd4 13. cxd4 Nd5 14. Qe4
g6 15. Bh6 Bg7 16. Bxg7 Kxg7 17. c4 Nb4 18. a3 Nxd3 19. Qxd3 b6 20. Qe4 Ba6 21.
d5 Rc8 22. Rac1 Qd6 23. Ng5 exd5 24. cxd5 Rxc1 25. Rxc1 Qf6 26. h4 Rc8 27. Rc6
Qa1+ 28. Kh2 Rxc6 29. dxc6 Qxa3 30. Qd4+ Kg8 31. Qd8+ Kg7 32. Qd7 Qf8 33. Ne6+
Kg8 34. Nxf8 Kxf8 35. c7 1-0